Κατάλογος Βιβλιοθηκών Mediterranean College

Προσωποκεντρική Συμβουλευτική / Θεωρία, Έρευνα και Εφαρμογές (Record no. 4438)

MARC details
000 -LEADER
fixed length control field 01566cam a22002054a 4500
005 - ΗΜΕΡΟΜΗΝΙΑ ΚΑΙ ΩΡΑ ΤΕΛΕΥΤΑΙΑΣ ΕΝΗΜΕΡΩΣΗΣ
Πεδίο ελέγχου 20250605164146.0
008 - FIXED-LENGTH DATA ELEMENTS--GENERAL INFORMATION
Πεδίο ελέγχου σταθερού μήκους 250528s ||||||||||||||||||||||||d
035 ## - SYSTEM CONTROL NUMBER
System control number 19164
020 ## - ISBN
ISBN 9604021583
040 ## - ΠΗΓΗ ΚΑΤΑΛΟΓΟΓΡΑΦΗΣΗΣ
Φορέας πρωτότυπης καταλογογράφησης MC Athens Campus Library
Γλώσσα καταλογογράφησης Ελληνικά, Μοντέρνα (1453-)
Modifying agency MC Athens Campus Library
Κανόνες περιγραφικής καταλογογράφησης AACR2
245 1# - ΤΙΤΛΟΣ ΚΑΙ ΔΗΛΩΣΗ ΥΠΕΥΘΥΝΟΤΗΤΑΣ
Τίτλος Προσωποκεντρική Συμβουλευτική / Θεωρία, Έρευνα και Εφαρμογές
250 ## - EDITION STATEMENT
Edition statement
260 ## - PUBLICATION, DISTRIBUTION, ETC.
Name of publisher, distributor, etc. Τυπωθήτω,
Date of publication, distribution, etc. 2004
300 ## - PHYSICAL DESCRIPTION
Extent 494
520 ## - SUMMARY, ETC.
Summary, etc. Στόχος αυτού του βιβλίου είναι η κατά το δυνατόν πληρέστερη κριτική παρουσίαση και ανάλυση των βασικών αρχών της προσέγγισης και η ανάδειξη της ευρήτητας των εφαρμογών της. Η Ζωή και το Έργο του Εμπνευστή της Προσωποκεντρικής Προσέγγισης του Carl Ransom Rogers, Η Ιστορική Εξέλιξη της Προσωποκεντρικής Προσέγγισης, Το Θεωρητικό Σύστημα της Προσωποκεντρικής Προσέγγισης, Η Αποτελεσματικότητα της Προσωποκεντρικής Συμβουλευτικής/ Θεραπείας, Η Προσφορά του Rogers στη Συμβουλευτική και τη Θεραπέια: Αναδρομή στο Παρελθόν και Προσδοκίες για το Μέλλον.
700 1# - ΠΡΟΣΘΕΤΗ ΑΝΑΓΡΑΦΗ--ΦΥΣΙΚΟ ΠΡΟΣΩΠΟ
Personal name Μπρούζος Ανδρέας
9 (RLIN) 5404
942 ## - ADDED ENTRY ELEMENTS (KOHA)
Koha item type Books
Holdings
Τύπος τεκμηρίου Βιβλιοθήκη Τρέχουσα τοποθεσία Barcode Αριθμός εισαγωγής Ημερομηνία απόκτησης Ταξιθετικό σύμβολο Αριθμός αντιτύπου Κατάσταση απόσυρσης Κατάσταση χαμένου Κατάσταση κατεστραμμένου Μη δανεισμός Σύνολο δανεισμών Σύνολο ανανεώσεων Ημερομηνία λήξης Ημερομηνία τελευταίας εμφάνισης Χρονολογία τελευταίου δανεισμού Η τιμή ισχύει από
Books MC Athens Campus Library MC Athens Campus Library 9780000044372 5130 05/06/2025 158.3 BRO 1         1 2 03/04/2026 13/03/2026 13/03/2026 05/06/2025

MC Athens Campus Library
Πατησίων 94 & Κοδριγκτώνος 13, 104 34
Πελλήνης 8 & Πατησίων 107, 112 51
Τ: +30 210 8899600

MC Thessaloniki Campus Library
Ίωνος Δραγούμη 21, 54625 | Ίωνος Δραγούμη 15, 54625
Τ: +30 2310 287779 – Τ: +30 2314 440300